000 00515nam a2200181Ia 4500
005 20250425162052.0
008 250425s9999 xx 000 0 und d
041 _aspa
082 _a621.31
245 0 _aOPERACAO E MANUTENCAO DOS SISTEMAS ELETRICOS NOS PAISES MEMBROS DA CIER
250 _a1A ED.
260 _aBrasil
_bCIER. SUBCOMITE DE OPERACAO E MANUTENCAO DE SISTEMAS ELETRICOS
_c1970
260 _aSAO PAULO
650 _aINFORMES
650 _aSISTEMAS ELECTRICOS
942 _c01
010 _a46347
999 _c221721
_d221721